00413nam a2200181Ia 4500008004100000020001800041050001400059100002000073245001700093245002300110260001500133260001600148260000900164300001500173300002500188300001000213500000800223170918s9999 xx 000 0 und d a9780439613835 bR994 1992 aRylant, Cynthia aMising May / cby Cynthia Rylant. aNew York : bScholastic, c1992 a89 pages : bcolor illustration ; c19cm. a980